00440nam a2200181 a 4500001001300000003000900013005001700022008004100039020000900080082001300089100001600102245002800118260004500146300000800191500003500199650000800234700001600242nice12345678IN_TiNIC20260116014454.0070411s2003 newa grp 000 0 eng  ac2000a340bMAT aMathew, P D aYour Rights If Arrested aNew DelhibIndian Social Institutec2003 a55p aincludes index and biblioraphy aLaw1 aMathew, P D